Самотлорские ночи (Запись № 114908)

Подробности
000 -МАРКЕР
контрольное поле 01905nam0a2200301 4500
001 - ИДЕНТИФИКАТОР ЗАПИСИ
контрольное поле RU\NLR\bibl\1525413
005 - ИДЕНТИФИКАТОР ВЕРСИИ
контрольное поле 20260407232405.0
035 ## - ДРУГИЕ СИСТЕМНЫЕ НОМЕРА
Идентификатор записи (NLR Aleph) 001516761
100 ## - ДАННЫЕ ОБЩЕЙ ОБРАБОТКИ
Данные общей обработки 20100621d2005 |||y0rusy50 ca
101 0# - ЯЗЫК РЕСУРСА
Язык текста, звукозаписи и т.д. русский
102 ## - СТРАНА ПУБЛИКАЦИИ ИЛИ ПРОИЗВОДСТВА
Страна публикации Российская Федерация
105 ## - ПОЛЕ КОДИРОВАННЫХ ДАННЫХ: ТЕКСТОВЫЕ МАТЕРИАЛЫ, МОНОГРАФИЧЕСКИЕ
Кодированные данные о монографическом текстовом документе y |||||||||
200 1# - ЗАГЛАВИЕ И СВЕДЕНИЯ ОБ ОТВЕТСТВЕННОСТИ
Основное заглавие Самотлорские ночи
Сведения, относящиеся к заглавию 30-летию фестиваля посвящается...
-- рекомендательный библиографический указатель
Первые сведения об ответственности Упр. культуры администрации города, Муницип. учреждение "Библ.-информ. система"
Последующие сведения об ответственности [сост.: ванюжина В.С. и др.
-- ред.: Распопова С.Ю.]
210 ## - ПУБЛИКАЦИЯ, РАСПРОСТРАНЕНИЕ И ДР.
Место издания, распространения и т.д. Нижневартовск
Имя издателя, распространителя и т. д. [б. и.]
Дата издания, распространения и т.д. 2005
215 ## - ФИЗИЧЕСКАЯ ХАРАКТЕРИСТИКА
Специфическое обозначение материала и объем 52 с.
Размеры 21
601 02 - НАИМЕНОВАНИЕ ОРГАНИЗАЦИИ КАК ПРЕДМЕТ
Начальный элемент ввода "Самотлорские ночи", фестиваль искусств
Идентифицирующий признак Нижневартовск, город; Ханты-Мансийский автономный округ-Югра
Формальный подзаголовок Библиография рекомендательная
Системный номер авторитетной/нормативной записи 2600881
Идентификатор авторитетной/нормативной записи RU\NLR\auth\661537439
686 ## - ИНДЕКСЫ ДРУГИХ КЛАССИФИКАЦИЙ
Индекс Щ03(2)7м
702 #1 - ИМЯ ЛИЦА - ВТОРИЧНАЯ ОТВЕТСТВЕННОСТЬ
Начальный элемент ввода Ванюжина
Часть имени, кроме начального элемента ввода В. С.
Код отношения Составитель
702 #1 - ИМЯ ЛИЦА - ВТОРИЧНАЯ ОТВЕТСТВЕННОСТЬ
Начальный элемент ввода Распопова
Часть имени, кроме начального элемента ввода С. Ю.
Код отношения Редактор
711 02 - НАИМЕНОВАНИЕ ОРГАНИЗАЦИИ - АЛЬТЕРНАТИВНАЯ ОТВЕТСТВЕННОСТЬ
Начальный элемент ввода "Самотлорские ночи", фестиваль искусств
Идентифицирующий признак Нижневартовск
Идентификатор авторитетной/нормативной записи RU\NLR\AUTH\8810158226
Системный номер авторитетной/нормативной записи 811868
712 02 - НАИМЕНОВАНИЕ ОРГАНИЗАЦИИ - ВТОРИЧНАЯ ОТВЕТСТВЕННОСТЬ
Код отношения Прочие
Начальный элемент ввода "Библиотечно-информационная система", нижневартовское муниципальное учреждение
Идентификатор авторитетной/нормативной записи RU\NLR\AUTH\8810035489
Системный номер авторитетной/нормативной записи 569330
801 #0 - ИСТОЧНИК ЗАПИСИ
Страна Российская Федерация
Организация NLR
Дата составления 20100621
Правила каталогизации RCR
801 #1 - ИСТОЧНИК ЗАПИСИ
Страна Российская Федерация
Организация NLR
Дата составления 20100621
830 ## - ОБЩЕЕ ПРИМЕЧАНИЕ, СОСТАВЛЕННОЕ КАТАЛОГИЗАТОРОМ
Текст примечания сост., ред. в кат. нет
942 ## - ДОПОЛНИТЕЛЬНЫЕ ЭЛЕМЕНТЫ ЗАПИСИ (АБИС)
Тип экземпляра АБИС Книга
980 ## - КОЛЛЕКЦИЯ
Название коллекции Национальная библиография
Экземпляры
Тип экземпляра Дата поступления Источник поступления Библиотека постоянного хранения Библиотека текущего хранения Место хранения Шифр хранения Штрих-код Статус экземпляра
Книга 21.06.2010 Дар РНБ (Московский) РНБ (Московский) Центральная справочная библиотека С 2010-2/364 1-1182540